Effectif du PSG sur la saison 2025/2026 - Statistiques

Statistiques générales
  • Ce quiz a été pris 145 fois
  • Le résultat moyen est 19 sur 24
Statistiques - réponses
Numéros Réponses % Correct
10 Ousmane DEMBÉLÉ
100%
14 Désiré DOUÉ
97%
87 João NEVES
95%
2 Achraf HAKIMI
93%
30 Lucas CHEVALIER
93%
8 Fabián RUIZ
92%
17 Vitinha
92%
29 Bradley BARCOLA
91%
5 Marquinhos
90%
25 Nuno MENDES
90%
51 Willian PACHO
90%
Coach Luis ENRIQUE
88%
21 Lucas HERNANDEZ
87%
24 Senny MAYULU
86%
9 Gonçalo RAMOS
85%
33 Warren ZAÏRE-EMERY
83%
49 Ibrahim Mbaye
73%
7 Khvicha KVARATSKHÉLIA
71%
39 Matveï SAFONOV
71%
19 Lee KANG-IN
69%
4 Lucas BERALDO
67%
6 Illya ZABARNYI
65%
89 Renato MARIN
38%
43 Noham KAMARA
27%
Aucun quiz correspondant
Distribution des résultats
% des personnes avec chaque résultat
Percentile par nombre de réponses
Votre historique - résultats
Vous n’avez pas pris ce quiz